Marketing: investigación comercial

Spremljeno u:
Bibliografski detalji
Glavni autori: Díez de Castro, Enrique Carlos (Autor), Landa Bercebal, Javier (Autor)
Format: Knjiga
Jezik:španjolski
Izdano: Madrid Ediciones Pirámide S. A 2002
Izdanje:1a. ed
Serija:Economía y Empresa
Teme:
Oznake: Dodaj oznaku
Bez oznaka, Budi prvi tko označuje ovaj zapis!

MARC

LEADER 00000cam a2200000 a 4500
001 UCD6874
003 CL-VaPUC
008 170303e20020000sp |||||||||||||||||spa|d
020 |a 8436817133 
082 0 4 |a 658.8  |b DIE  |2 21 
100 |a Díez de Castro, Enrique Carlos  |e author  |9 592612 
700 0 |a Landa Bercebal, Javier  |e author  |9 590731 
245 1 0 |a Marketing: investigación comercial 
250 |a 1a. ed 
300 |a 398 p 
942 |c BK 
945 |d 20170303 17:35:00  |a dcastane 
260 |a Madrid  |b Ediciones Pirámide S. A  |c 2002 
650 0 |a Marketing  |9 259324 
650 7 |a MERCADOTECNIA  |2 CL-VaPUC  |9 347996 
650 0 |a Investigación de mercado  |9 332310 
583 |a last modification  |c 20180305 12:13:07  |k Rodrigo Vera 
490 0 |a Economía y Empresa 
999 |c 367051  |d 367049 
952 |0 0  |1 0  |3 erb  |4 0  |6 658_800000000000000_DIE_2002  |7 0  |8 A  |9 481734  |a BIBENE  |b BIBENE  |i 5328497  |o 658.8 DIE 2002  |p 5328497  |r 2025-01-15  |w 2019-11-24  |y BK  |z Catalogado en:20170303  |k ICO